000 00487nam a2200169 i 4500
001 36437
003 ES-MaACL
005 20230906155352.0
007 t|
008 030218s1949 sp ||||1| spa d
100 1 _aBujanda, Jesús.
_932480
245 1 0 _aManual de teología dogmática /
_cpor Jesús Bujanda.
250 _a3ª ed. española.
260 _aMadrid :
_bRazón y Fé,
_c1949 (
_fSucs. de Rivadeneyra)
300 _a543 p. ;
_c15 cm.
852 _aES-MaACL
_jD-9222
_bR.34756
999 _c36437
_d36437